Quizzes
Events
Quiz Creation
Community
Videos
Private Events
Remove Ads
Sign In
Join for FREE
Feedback
Dark Mode
Quiz Categories
Sports
Geography
Music
Movies
Television
Just For Fun
Miscellaneous
History
Literature
Language
Science
Gaming
Entertainment
Religion
Holiday
For Kids
Quiz Lab
Recent
Popular Today
Quiz Kudos Today
Editor Picks
Curator Picks
Quizzes by...
Day
Popularity
Type
Ratings
Length
Year
Community
Subscriptions
Recent Discussions
Orange Saloon
Badges
Playlists
Quests
Create
Leaderboards
Showdown
Live 5
Trivia Bingo
Activity
Puzzle Library
Sporcle Events
Private Events
Virtual Trivia
Globe League
Become a Host
Pub Owners
SporcleCon
Opinionation
Our Games
Videos
Blog
Mobile Apps
Partnerships
Remove Ads and Go Orange
Feedback
Sports
Athletes
MLB
NBA
NHL
NFL
Soccer
Sports Teams
WWE
NCAA
Football
Premier League
Basketball
Baseball
Hockey
Golf
Tennis
Cricket
Rugby
Auto Racing
Olympics
World Cup
Sports
Athletes
MLB
NBA
NHL
NFL
Soccer
Sports Teams
WWE
NCAA
Football
Premier League
Basketball
Baseball
Hockey
Golf
Tennis
Cricket
Rugby
Auto Racing
Olympics
World Cup
Random Quiz
Search Sporcle
×
Quiz Lab
Quiz Lab
Sports
NBA
Type in answers that appear in a list
Type in answers that appear in a list
Classic
Best Score? Go Orange.
Top 10 NBA Draft Picks 2000-2009 Stats
Can you name the Top 10 NBA Draft Picks of 2000-2009?
By
chickmagnet
10m
100 Questions
1,701 Plays
1,701 Plays
1,701 Plays
Comments
Comments
Give Quiz Kudos
Give Quiz Kudos
-
- Ratings
hide this ad
Replay
Link that replays current quiz
Next Quiz
Link to next quiz in quiz playlist
You Got
0%
They Got
Avg Score
58%
Avg Friend Score
Upgrade to see
Score Distribution
Jump to the score distribution portion of the page
Score
0/100
Timer
10:00
0
Plays Today
Year
% Correct
2003
LeBron James
92.6%
Dwyane Wade
92.2%
Eddy Curry
90.5%
Stephen Curry
90.4%
Kevin Durant
90%
2008
Derrick Rose
89.9%
Marvin Williams
89.8%
Jay Williams
89.8%
Deron Williams
89.8%
Sheldon Williams
89.7%
2007
Greg Oden
89.6%
2009
Blake Griffin
88.5%
Eddie Griffin
88.2%
2000
Kenyon Martin
87.9%
Carmelo Anthony
87.7%
2002
Yao Ming
86.8%
2004
Dwight Howard
86.3%
Michael Beasley
84.8%
OJ Mayo
83.6%
Joakim Noah
82.1%
Chris Paul
80.6%
2005
Andrew Bogut
79.9%
Ben Gordon
79.5%
Eric Gordon
79.5%
2001
Kwame Brown
79%
Chris Bosh
78.5%
Emeka Okafor
77.5%
Hasheem Thabeet
77.2%
Al Horford
77.2%
Kevin Love
75.5%
Ricky Rubio
75.1%
James Harden
74.3%
Tyreke Evans
74.1%
Darko Milicic
74.1%
Year
% Correct
Mike Conley
73.8%
Russell Westbrook
73.7%
DeSagana Diop
73.3%
2006
Andrea Bargnani
72.8%
Pau Gasol
69.5%
Jeff Green
69.3%
Corey Brewer
69.2%
Brandon Roy
69.1%
Rafael Araújo
69%
Johnny Flynn
68.7%
Adam Morrison
68.1%
Brook Lopez
67.5%
Rayond Felton
66.4%
Brandon Jennings
63.9%
Tyson Chandler
63.6%
Tyrus Thomas
63.3%
Joe Johnson
62.3%
DerMarr Johnson
62.3%
LaMarcus Aldridge
61.6%
TJ Ford
59.5%
Shane Battier
58.3%
Kirk Hinrich
56.5%
Devin Harris
56%
Jordan Hill
55.4%
Chris Kaman
54.7%
Yi Jianlian
53.4%
Mike Miller
52.6%
Danilo Gallinari
49.8%
Randy Foye
49.3%
Stromile Swift
49.2%
Mike Dunleavy
48.6%
Jason Richardson
48.5%
Marcus Fizer
47.7%
Joe Alexander
47.6%
Year
% Correct
Rudy Gay
46.9%
DeMar DeRozan
46.9%
Luke Jackson
46.3%
Darius Miles
42.9%
Shaun Livingston
39.7%
Amare Stoudemire
37.9%
Drew Gooden
36%
Josh Childress
35.9%
Nene
35.5%
Luol Deng
33.7%
Spencer Hawes
31.6%
DJ Augustine
30.7%
Brandon Wright
29.9%
Chris Wilcox
29.4%
Andrew Bynum
29.2%
Charlie Villanueva
28.6%
Michael Sweetney
28%
Martell Webster
27.5%
Jamal Crawford
27%
Jarvis Hayes
26.7%
Caron Butler
26.7%
Andre Iguodala
25.6%
Channing Frye
21.9%
Rodney White
19.7%
Chris Mihm
18.5%
Dajuan Wagner
18.2%
Ike Diogu
17.4%
Nikoloz Tskitishvili
15.8%
Patrick O'Bryant
14.1%
Keyon Dooling
10.3%
Joel Przybilla
9.5%
Mouhamed Sene
9.3%
Quiz Playlist
Details
Report
Send in Message
Add To Playlist
Classic:
Type in answers that appear in a list
Quiz Source
Last Updated: Feb 16, 2017
Quiz Scoreboard
CHALLENGE
Sign Up to Join the Scoreboard
Show All
Scores
Hide
Comments
May contain spoilers
Recently Published
Presidents Visiting Landmarks
by Hejman
History
7m
An Introduction to Baseball
by treessimontrees
Sports
5m
Movies - When Are They Set?
by FPL_Elf
Movies
5m
More to Explore
Quiz From the Vault
Featured Blog Post
Where Did the Easter Bunny Come From?
hide this ad
You Might Also Like...
Tags
Basketball Quiz
College Quiz
NBA Quiz
2000s
Draft
Top 10
Today's Top Quizzes in Sports
Browse Sports
hide this ad
Today's Top Quizzes in NBA
Browse NBA
Top Contributed Quizzes in Sports
1
Les meilleurs buteurs des matchs entre le PSG et l’OM
2
2022 World Cup Stars
3
FIFA Club World Cup Champions
4
Les entraîneurs de l'OM et du PSG au 21e siècle
5
Name the Premier League winners with different clubs
6
La finale Lions - Afrique du Sud 2021
7
5-to-1: UK Sports Teams
8
England Test cricketers to play under Nasser Hussain
9
Players with Multiple 50 Home Run Seasons
10
AFC Teams Reveal (Wrong Answers Minefield)
Explore More
Trending Topics
Crossword
Disney
NBA
Anime
Harry Potter
Kpop
Marvel
The Office
Country
WWE
NFL
Song
Puzzle
Soccer
Pokémon
hide this ad
More By:
chickmagnet
Quiz
Plays
Rating
Category
Featured
Created
Top 10 NBA Draft Picks 2000-2009
1,701
2.80
Sports
Jan 5, 2010
NBA Dunk Contest Participants of 2000's
605
3.25
Sports
Jan 18, 2010
New York Knicks from 2000-2010
355
4.00
Sports
Mar 9, 2010
Go to Creator's Profile
Score Distribution
Quiz Creator Spotlight
chickmagnet
Follow
Send a Message
Quizzes Created
-
Created Quiz Play Count
-
More By This Creator
Popular Quizzes Today
1
Find the US States - No Outlines Minefield
2
Find the Countries of Europe - No Outlines Minefield
3
The Countries of the World
4
Find the US States
5
Popular People in 1961
6
US States
7
Risky Map Clicking: Biggest States A-Z
8
Movies - When Are They Set?
More Sports Quizzes
Clubs on the Italian Serie A podium
Quiz Lab
Trending Quizzes
Risky Map Clicking: Least Populous States A-Z
1-10 Letter G Words
1-10 Letter F Words
Risky Map Clicking: Next State Alphabetically
Risky Map Clicking: Biggest States A-Z
Recently Updated
Leaping Animals
pecheneg
Reality TV Shows (A-Z)
bhenderson79
Rickey Henderson's Hall of Fame Teammates
pecheneg
Champions League XIs: Arsenal
pecheneg
Quick Pick: Celebrities in WWE's Hall of Fame
aduchscher
A-Z Keypad Blitz II
pecheneg
Multiple Oscar Actors
pecheneg
Mystery Phrase Blitz: Oscar 'Best Actors'
pecheneg
F. Scott Fitzgerald Novels
LTH
Pick 3 Villains
ddd62291
Trending Topics
Disney
Crossword
NBA
Anime
Kpop
Marvel
Harry Potter
WWE
Song
Soccer
Puzzle
Country
NFL
The Office
Pokémon
Your Account Isn't Verified!
In order to create a playlist on Sporcle, you need to verify the email address you used during registration. Go to your
Sporcle Settings
to finish the process.
Report this User
Report this user for behavior that violates our
Community Guidelines
.
Details:
Send Report
Go to the Sporcle.com Mobile Site →
Comments